|
|
|
|
| LEADER |
00600nam a22002052a 4500 |
| 001 |
001362574 |
| 003 |
CZ BrMZK |
| 005 |
20140129135816.0 |
| 007 |
ta |
| 008 |
140127s1964 xxu er|||||||||||eng d |
| 040 |
|
|
|a BOA001
|b cze
|
| 100 |
1 |
|
|a Strousse, Flora
|4 aut
|
| 245 |
1 |
0 |
|a John Fitzgerald Kennedy :
|b man of courage /
|c Flora Strousse
|
| 260 |
|
|
|a New York :
|b P.J. Kenedy & Sons,
|c 1964
|
| 300 |
|
|
|a 189 s., příl.
|
| 504 |
|
|
|a Obsahuje bibliografii
|
| 910 |
|
|
|a BOA001
|b 2-0531.166
|
| 990 |
|
|
|a BK
|
| 991 |
|
|
|b 201401
|
| 996 |
7 |
|
|b 2619034058
|c 2-0531.166
|l HP2
|r DEN
|n 2
|w 001397416
|u 000010
|a 1
|e BOA001
|j MZK50
|s A
|